| 000 | 01169nas a2200397 4500 | ||
|---|---|---|---|
| 001 | BR0700014 | ||
| 003 | BR-BrBNA | ||
| 005 | 20231205110440.0 | ||
| 007 | ta | ||
| 008 | 230509b bl.|||p| |||| 00| 00por d | ||
| 040 |
_aBR-BrBNA _bpor _cBiblioteca Nacional de Agricultura |
||
| 041 | _a(Pt) | ||
| 072 | _aH60 | ||
| 100 | 1 | _aProcópio, S. de O. | |
| 100 | 1 | _aRosenthal, M.D. | |
| 100 | 1 | _aPinto, J.J.O. | |
| 100 | 1 | _aJúnior, J. | |
| 100 | 1 | _aAbraão, E. | |
| 100 | 1 | _aPeres, W.B. | |
| 100 | 1 | _aManica, R. | |
| 100 | 1 | _aZanatta, J.F. | |
| 100 | 1 | _aCargnelutti Filho, A. | |
| 100 | 1 | _aSganzerla, D.C. | |
| 100 | 1 | _aCarneiro, J.C. | |
| 100 | 1 | _aAmarilla, L. | |
| 100 | 1 | _aFranzini, W. | |
| 245 | 1 | _aToxicidade do herbicida mesotrione em plantas de milho provenientes de sementes com diferentes formatos e dimensões | |
| 650 | _aMILHO | ||
| 650 | _aHERBICIDA | ||
| 650 | _aSEMENTE | ||
| 650 | _aCONTROLE QUÍMICO | ||
| 650 | _aFITOTOXICIDADE | ||
| 773 | 0 |
_tRevista Brasileira de Milho e Sorgo (Brazil) _xISSN 1676-689X _g(Jan-Apr 2006), v. 5(1) p. 145-152 _wBR0700014 |
|
| 909 |
_a202311 _bLúcia _c55 _dLúcia Elande |
||
| 942 |
_2AGRIS _n0 _cANA |
||
| 999 |
_c187431 _d187431 |
||